Normal view
MARC view
- PC ATEEQ UR REHMAN GC MUHAMMAD HASSAN GC ABDUL REHMAN
Entry Personal Name
001 - CONTROL NUMBER
- control field: 70576
003 - CONTROL NUMBER IDENTIFIER
- control field: NUST
005 - DATE AND TIME OF LATEST TRANSACTION
- control field: 20210628204521.0
008 - FIXED-LENGTH DATA ELEMENTS
- fixed length control field: 210628|| aca||aabn | a|a d
040 ## - CATALOGING SOURCE
- Original cataloging agency: NUST
- Transcribing agency: NUST
100 ## - HEADING--PERSONAL NAME
- Personal name: PC ATEEQ UR REHMAN GC MUHAMMAD HASSAN GC ABDUL REHMAN
670 ## - SOURCE DATA FOUND
- Source citation: Work cat.: (NUST): PC ATEEQ UR REHMAN GC MUHAMMAD HASSAN GC ABDUL REHMAN , PR-SOF-1803-PERFORMANCE ANALYSIS OF TRACKED VEHICLE, 2019
